Strategická manažérska simulácia LUDUS

Saved in:
Bibliographic Details
Main Author: Vogl, Michaela
Corporate Author: Ekonomická univerzita v Bratislave. Fakulta podnikového manažmentu
Other Authors: Neumann, Kai, Roby, Zuzana
Format: Book
Language:Slovak
Published: Bratislava Vydavateľstvo EKONÓM 2010
Subjects:
Tags: Add Tag
No Tags, Be the first to tag this record!

MARC

LEADER 00000nam$a2200000$$$4500
001 0110432
005 20240502072222.8
020 |a 978-80-225-2913-6 
041 0 |a slo 
044 |a SK 
245 1 0 |a Strategická manažérska simulácia LUDUS  |c Michaela Vogl 
264 1 |a Bratislava  |b Vydavateľstvo EKONÓM  |c 2010 
300 |a 112 s. [3,982 AH] 
610 2 0 |a simulácia 
610 2 0 |a hry simulačné manažérske 
610 2 0 |a hry ekonomické 
610 2 0 |a vzdelávanie 
610 2 0 |a metódy ekonomicko-matematické 
610 2 0 |a modely 
610 2 0 |a podnik 
610 2 0 |a plánovanie 
610 2 0 |a rozhodovanie 
610 2 0 |a financovanie 
610 2 0 |a výsledok hospodársky 
100 1 |a Vogl, Michaela 
700 1 |a Neumann, Kai 
700 1 |a Roby, Zuzana 
710 2 |a Ekonomická univerzita v Bratislave. Fakulta podnikového manažmentu